[Event "SVK-chT3A2 1314"]
[Site "Slovakia"]
[Date "2013.12.01"]
[Round "4.1"]
[White "Curidlo, Jan1"]
[Black "Strecansky, Lukas"]
[Result "1-0"]
[WhiteElo "1852"]
[BlackElo "1563"]
[PlyCount "87"]
[EventDate "2013.10.13"]
[EventType "team-tourn"]
[EventRounds "11"]
[EventCountry "SVK"]
[SourceTitle "EXT 2015"]
[Source "ChessBase"]
[SourceDate "2014.11.20"]
[SourceVersion "1"]
[SourceVersionDate "2014.11.20"]
[SourceQuality "1"]
[WhiteTeam "Piestany Kupele"]
[BlackTeam "Trnava Modranka Jun"]
[WhiteTeamCountry "SVK"]
[BlackTeamCountry "SVK"]

1. e4 e5 2. Nf3 Nc6 3. Bb5 a6 4. Ba4 d6 5. h3 Nf6 6. d3 b5 7. Bb3 Na5 8. c3 Nxb3 9. Qxb3 Be6 10. Qc2 h6 11. Be3 Be7 12. Nbd2 c5 13. Rd1 Qa5 14. 0-0 0-0 15. a3 Rfc8 16. Qb1 Qc7 17. Rc1 Qd7 18. Kh2 Nh5 19. d4 cxd4 20. cxd4 f6 21. d5 Bf7 22. Nh4 Nf4 23. Nf5 Bg6 24. Nxe7+ Qxe7 25. Bxf4 exf4 26. f3 Qd7 27. Rxc8+ Rxc8 28. Nb3 Rc4 29. Qd3 Qa7 30. Na5 Rc7 31. Nc6 Qb6 32. Qd2 Be8 33. Nd4 Rc4 34. Nf5 Bf7 35. Qxf4 Kf8 36. Qxd6+ Qxd6+ 37. Nxd6 Rc2 38. Nxf7 Kxf7 39. Rb1 Ke7 40. h4 Kd6 41. b4 Ra2 42. Rb3 Ke5 43. Rd3 Kd6 44. h5 1-0